Dictionnaire Hachette junior (Запис номер 38324)
[ съкратено ]
| 000 -Лидер | |
|---|---|
| Контролно поле с фиксирана дължина | 01120nam a2200301 c 4500 |
| 003 - Код на организацията, давaща контролен номер | |
| Контролно поле | BLK |
| 005 - Дата и час на последна редакция | |
| Контролно поле | 20180420221048.0 |
| 008 - Елементи от данни с фиксирана дължина | |
| fixed length control field | 180408b bul|||||r ||||||| ||bul|| |
| 010 ## - Наследен системен номер | |
| LC control number | KNG00041538000 |
| 020 ## - Международен стандартен номер на книга ISBN | |
| Международен стандартен номер на книга ISBN | 2-01-018876-4 |
| -- | издат.: Hachette |
| 040 ## - Източник на каталожния запис | |
| Идентификатор на билиотеката - собственик на записа | BLK |
| 041 ## - Код за език | |
| Код за езика на текст/звукозапис или на отделно заглавие | Френски |
| Код за езика КДБФ | Френски |
| 080 ## - УДК | |
| Текстов определител УДК | Общи енциклопедии. Енциклопедични речници. Научни справочници. Отраслови енциклопедии и справочници се класират в съответните отдели с определител за форма |
| УДК код - определител по УДК | 03 |
| УДК определител | |
| УДК - код + определител | 03 |
| 139 ## - Редно поле | |
| Редна дума | Dictionnaire Hachette junior |
| Авторски знак | Di - D 53 |
| 245 10 - Сведения за заглавието | |
| Заглавие | Dictionnaire Hachette junior |
| Подзаглавни данни | Langue francaise |
| 257 ## - Страна на издаване | |
| Страна на създаване/издаване | Франция |
| 260 ## - Област на издателските данни | |
| -- | Paris |
| Име на издателя, разпространителя и проч. | Hachette |
| Година на издаване | 1993 |
| 300 ## - Физическа характеристика | |
| Страници | 1096 c. |
| Илюстрации и др. | с ил. |
| Размери/Мащаб | 20 cm |
| 380 ## - Жанр | |
| Жанр | Общ отдел |
| 650 #4 - Допълнително описание по предмет – тема | |
| Основно описание – тема или топоним | Енциклопедии, детски |
| 9 (RLIN) | 154962 |
| 653 ## - Ключова дума – ненормативна | |
| Ключова дума | деца |
| 653 ## - Ключова дума – ненормативна | |
| Ключова дума | енциклопедии |
| 852 ## - Местоположение | |
| Форматна сигнатура | Цб 173602 |
| 856 4# - Електронен адрес и достъп | |
| Електронен формат | pdf - файл |
| Път до файла /url/ | |
| 856 4# - Електронен адрес и достъп | |
| Електронен формат | pdf - файл |
| Път до файла /url/ | |
| 942 ## - АРТИКУЛИ | |
| Вид на библиотечния материал | Книги |
| Скрит в OPAC | Не |
| 944 ## - СЪЗДАВАНЕ И РЕДАКЦИЯ на ЗАПИСА | |
| Създаване/Редакция | Създаване |
| Дата на регистрацията/редакция | 15.01.2003 |
| Служител, извършил регистрацията/редакцията | Теодора_Стоянова |
| 944 ## - СЪЗДАВАНЕ И РЕДАКЦИЯ на ЗАПИСА | |
| Създаване/Редакция | Редакция |
| Дата на регистрацията/редакция | 14.09.2009 |
| Служител, извършил регистрацията/редакцията | |
| 999 ## - СИСТЕМНИ КОНТРОЛНИ НОМЕРА | |
| Koha biblionumber | 38324 |
| Koha biblioitemnumber | 38324 |
| Код за отписване | Код за изгубен артикул | Източник на класификационната схема | Код за повреда | Коз за рестрикции | Код за отдаване | Артикулен № | Име на библиотеката - собственик | Име на библиотеката, в която се намира в момента | Статус (Текущо местоположение) | Дата на вписване в системата | Местоположение - отдел | Цена в лева | Инвентарен номер | Систематично азбучна сигнатура | Баркод | Номер на екземпляра | Цена в евро | Служебна бележка | Служебен тип на артикула |
|---|---|---|---|---|---|---|---|---|---|---|---|---|---|---|---|---|---|---|---|
| Не е изгубен | Universal Decimal Classification | Не е повреден | без рестрикции | ползва се в читалня | 60097 | Регионална библиотека "Любен Каравелов" Русе | Регионална библиотека "Любен Каравелов" Русе | Читалня 4 - справочен фонд | 2001-01-01 | Читалня 4 - справочен фонд | 0.00 | 585826 | C4 03/D53 | 585826 | 1 | 0.00 | Дата инв: 12.06.2017 Бележки инв: С42017 | Книги |